Представление документа в формате MARC21

Поле Инд. ПП Название Значение
Тип записи a
Библиографический уровень b
001 Контрольный номер 38b1238038e84fc4ae47dfc05c03e82d
005 Дата корректировки 20240312084502.9
024 80 a Стандартный номер 10.1140/epja/s10050-024-01251-4
040 a Служба первич. каталог. Scopus
041 0_ a Код языка текста eng
097 a Костяева О.Г.
100 1_ a Автор Nesterenko V. O.
i 000091228
k Кафедра фундаментальных проблем физики микромира; Инженерно-физический институт
q Полное имя Нестеренко Валентин Олегович
u Дополнение Нестеренко В. О.; Nesterenko V. O.
c Титул (звания) ; доктор физико-математических наук; профессор (должность);
g Прочие сведения РИНЦ AuthorID: 19756 (http://elibrary.ru/author_profile.asp?id= 19756); Scopus Author ID: 7101621975 (https://www.scopus.com/authid/detail.uri?authorId=7101621975)
j Принадлежность неизвестного автора к последователям, ученикам, сторонникам, школе и т. д. государственный университет "Дубна"
100 1_ a Автор Vishnevskiy P. I.
j Принадлежность неизвестного автора к последователям, ученикам, сторонникам, школе и т. д. государственный университет "Дубна"
100 1_ a Автор Reinhard P. -G.
100 1_ a Автор Repko A.
100 1_ a Автор Kvasil J.
245 10 a Заглавие Microscopic analysis of dipole electric and magnetic strengths in Gd
513 a передано и. о. проректора по научной работе и инновациям
b 11.03.2024
773 18 t Название источника European Physical Journal A
b Сведения об издании Springer
c USA
x ISSN 1434-6001
g Прочая информация V. 60. - P. 28
d Место и дата издания 2024
m Специф. данные входит в Белый список; входит в Scopus; входит в WoS; входит в ядро РИНЦ; зарубежный журнал; ненулевой импакт-фактор
o Прочие индексы scopus 5.3
w Контрольный № источника cf72147606244e0cb6b2805a502f6a92
q У2 Белый список; Q2 Scopus 2022
n Примечание The European Physical Journal A
901 t Тип документа b
952 c Вид литературы статья в журнале